[Event "Bratto op-B 34th"]
[Site "Bratto"]
[Date "2014.08.28"]
[Round "6"]
[White "Bettini, Alessandro"]
[Black "Villa, Claudio"]
[Result "1/2-1/2"]
[WhiteElo "1829"]
[BlackElo "1796"]
[PlyCount "65"]
[EventDate "2014.08.23"]
[EventType "swiss"]
[EventRounds "8"]
[EventCountry "ITA"]
[SourceTitle "EXT 2017"]
[Source "ChessBase"]
[SourceDate "2016.10.25"]
[SourceVersion "1"]
[SourceVersionDate "2016.10.25"]
[SourceQuality "1"]

1. c4 c5 2. Nc3 Nc6 3. g3 Nf6 4. Bg2 e6 5. e4 d6 6. d3 Be7 7. Nge2 0-0 8. 0-0 a6 9. h3 Qc7 10. Be3 Rb8 11. a4 Rd8 12. Qd2 b6 13. f4 Nb4 14. f5 exf5 15. exf5 Bb7 16. Nf4 Bxg2 17. Qxg2 Qb7 18. Rf2 Qxg2+ 19. Kxg2 d5 20. Na2 Nc6 21. Re1 d4 22. Bd2 Bd6 23. Rfe2 Kf8 24. Nc1 b5 25. axb5 axb5 26. b3 bxc4 27. bxc4 Nb4 28. Bxb4 Rxb4 29. Kf3 g5 30. fxg6 hxg6 31. h4 Bc7 32. g4 Rb1 33. Na2 1/2-1/2

[Event "Bergamo op"]
[Site "Bergamo"]
[Date "2007.10.12"]
[Round "2"]
[White "Gerali, Paolo"]
[Black "Villa, Claudio"]
[Result "1/2-1/2"]
[WhiteElo "1940"]
[BlackElo "1871"]
[PlyCount "40"]
[EventDate "2007.10.05"]
[EventType "swiss"]
[EventRounds "7"]
[EventCountry "ITA"]
[SourceTitle "EXT 2009"]
[Source "ChessBase"]
[SourceDate "2008.11.26"]
[SourceVersion "1"]
[SourceVersionDate "2008.11.26"]
[SourceQuality "1"]

1. d4 d5 2. c4 dxc4 3. Nf3 a6 4. a4 c6 5. Nc3 e6 6. e4 Bb4 7. Bxc4 Qa5 8. Bd2 Nf6 9. 0-0 Nbd7 10. Qc2 0-0 11. Bd3 e5 12. Rfd1 Re8 13. Ne2 Bxd2 14. Nxd2 exd4 15. Nxd4 Ne5 16. Be2 Bg4 17. Bxg4 Nfxg4 18. h3 Nf6 19. N2b3 Qb4 20. f3 Rad8 1/2-1/2

[Event "Bergamo Province-ch"]
[Site "Bergamo"]
[Date "2004.11.05"]
[Round "5"]
[White "Valsecchi, Alessio"]
[Black "Villa, Claudio"]
[Result "1-0"]
[WhiteElo "1925"]
[BlackElo "1819"]
[PlyCount "99"]
[EventDate "2004.10.08"]
[EventType "swiss"]
[EventRounds "8"]
[EventCountry "ITA"]
[SourceTitle "EXT 2023"]
[Source "ChessBase"]
[SourceDate "2022.10.05"]
[SourceVersion "1"]
[SourceVersionDate "2022.10.05"]
[SourceQuality "1"]

1. e4 e5 2. Nf3 d6 3. d4 Nd7 4. Bc4 c6 5. 0-0 Be7 6. Nc3 Ngf6 7. a4 0-0 8. dxe5 dxe5 9. Re1 Qc7 10. Nh4 Nc5 11. Nf5 Ne6 12. Bxe6 Bxe6 13. Nxe7+ Qxe7 14. b3 Bg4 15. f3 Bh5 16. Ba3 c5 17. Nd5 Nxd5 18. Qxd5 b6 19. Bb2 Rfe8 20. f4 Rad8 21. Qxe5 Qxe5 22. Bxe5 Rd2 23. Rac1 Red8 24. h3 f6 25. Bc3 R2d7 26. Kf2 Rd1 27. g4 Rxc1 28. Rxc1 Be8 29. Ke3 Kf7 30. a5 b5 31. b4 c4 32. Bd4 a6 33. Rd1 Bc6 34. Rd2 h6 35. Bc3 Rxd2 36. Bxd2 Bd7 37. Kd4 g6 38. Kc5 f5 39. gxf5 gxf5 40. e5 h5 41. Kd6 Be6 42. h4 Bc8 43. Kc7 Be6 44. Kb7 Ke7 45. Kxa6 Bd7 46. Kb7 Kd8 47. a6 Bc8+ 48. Kb6 Be6 49. Kc6 Kc8 50. a7 1-0

[Event "Bergamo Province-ch"]
[Site "Bergamo"]
[Date "2004.10.22"]
[Round "3"]
[White "Cammarota, Vittorio"]
[Black "Villa, Claudio"]
[Result "0-1"]
[WhiteElo "1658"]
[BlackElo "1819"]
[PlyCount "64"]
[EventDate "2004.10.08"]
[EventType "swiss"]
[EventRounds "8"]
[EventCountry "ITA"]
[SourceTitle "EXT 2023"]
[Source "ChessBase"]
[SourceDate "2022.10.05"]
[SourceVersion "1"]
[SourceVersionDate "2022.10.05"]
[SourceQuality "1"]

1. Nf3 d5 2. d4 Nf6 3. e3 Bg4 4. c4 e6 5. Qb3 b6 6. Nc3 Bxf3 7. gxf3 g6 8. Bd2 Bg7 9. cxd5 exd5 10. Qa3 Bf8 11. Qb3 Bg7 12. Bd3 0-0 13. Qc2 Nc6 14. a3 Re8 15. 0-0 Ne7 16. b4 Qd7 17. Rac1 a6 18. Ne2 Ra7 19. Ng3 h5 20. Rfe1 h4 21. Nf1 Qh3 22. Qd1 g5 23. e4 dxe4 24. Bxe4 Nxe4 25. Rxe4 f5 26. Qb3+ Kf8 27. Re3 Bxd4 28. Rd3 c5 29. Bxg5 Ng6 30. Bh6+ Bg7 31. Bxg7+ Rxg7 32. Ng3 Nf4 0-1